[Event "DOM-ch"]
[Site "Santo Domingo"]
[Date "2022.02.20"]
[Round "4"]
[White "Arvelo Leo, Gian Carlo"]
[Black "Vasquez Sanchez, Antonio"]
[Result "1-0"]
[WhiteElo "2080"]
[BlackElo "1923"]
[PlyCount "87"]
[EventDate "2022.02.18"]
[EventType "swiss"]
[EventRounds "11"]
[EventCountry "DOM"]
[SourceTitle "EXT 2023"]
[Source "ChessBase"]
[SourceDate "2022.10.05"]
[SourceVersion "1"]
[SourceVersionDate "2022.10.05"]
[SourceQuality "1"]

1. d4 Nf6 2. Bg5 d5 3. Nd2 Bf5 4. e3 Nbd7 5. Bd3 Bxd3 6. cxd3 c6 7. Ngf3 Qb6 8. 0-0 e6 9. e4 dxe4 10. dxe4 Be7 11. e5 Nd5 12. Bxe7 Nxe7 13. Nc4 Qc7 14. Nd6+ Kf8 15. Ng5 Kg8 16. Ndxf7 Nf8 17. Nxh8 Kxh8 18. Qg4 Qd7 19. Nf7+ Kg8 20. Nd6 Nd5 21. Rad1 Ng6 22. g3 Rf8 23. Rfe1 Nge7 24. Rd3 Nf5 25. Nxf5 Rxf5 26. Rf3 h5 27. Qe4 Rg5 28. a3 Rg4 29. Qd3 Ne7 30. Re4 Rg6 31. Ref4 Nf5 32. Rxf5 exf5 33. Qxf5 Qe8 34. Rf4 Re6 35. Qe4 c5 36. Qd5 cxd4 37. Rxd4 Kh8 38. Re4 Qe7 39. b4 Rc6 40. e6 g6 41. Qd7 Rc7 42. Qxc7 Qxc7 43. e7 Qc1+ 44. Kg2 1-0

[Event "Santo Domingo op 08"]
[Site "Santo Domingo"]
[Date "2019.08.13"]
[Round "3"]
[White "Felipe Tapia, Jolbert Saul"]
[Black "Vasquez Sanchez, Antonio"]
[Result "0-1"]
[WhiteElo "1593"]
[BlackElo "1878"]
[PlyCount "118"]
[EventDate "2019.08.12"]
[EventType "swiss"]
[EventRounds "8"]
[EventCountry "DOM"]
[SourceTitle "EXT 2020"]
[Source "ChessBase"]
[SourceDate "2019.10.17"]
[SourceVersion "1"]
[SourceVersionDate "2019.10.17"]
[SourceQuality "1"]

1. e4 e6 2. d3 d5 3. Nd2 c5 4. Ngf3 Nc6 5. g3 Nf6 6. Bg2 Be7 7. 0-0 0-0 8. Re1 Qc7 9. c3 dxe4 10. dxe4 e5 11. Nc4 Be6 12. Ne3 Rfd8 13. Qc2 h6 14. c4 Nd4 15. Nxd4 cxd4 16. Nd5 Nxd5 17. exd5 Bxd5 18. Bxd5 Rxd5 19. Qd3 Rc5 20. b3 Rc6 21. f4 Bb4 22. Rxe5 Bc3 23. Rb1 Ra6 24. Bb2 Rxa2 25. Bxc3 dxc3 26. Qxc3 Qb6+ 27. c5 Qg6 28. Rb2 Ra1+ 29. Re1 Rxe1+ 30. Qxe1 Rc8 31. Qe5 Qc6 32. b4 Re8 33. Qc3 Re4 34. b5 Qe8 35. Kf2 Re6 36. Qd3 Qe7 37. Rc2 Qf6 38. Qc3 Qd8 39. c6 Qb6+ 40. Qc5 Qxc5+ 41. Rxc5 bxc6 42. bxc6 Re8 43. c7 Rc8 44. Ke3 Kf8 45. g4 Ke7 46. g5 h5 47. Ke4 Kd6 48. Rd5+ Kxc7 49. Rf5 Re8+ 50. Kd3 Re7 51. Kc4 g6 52. Rf6 Kd8 53. Ra6 Re4+ 54. Kd3 Rxf4 55. Rxa7 Ke8 56. Ra8+ Ke7 57. Ra7+ Kf8 58. Ra5 Rf2 59. Ra1 Rxh2 0-1

[Event "DOM-ch"]
[Site "Santo Domingo"]
[Date "2019.04.28"]
[Round "4"]
[White "Vasquez Sanchez, Antonio"]
[Black "Zorrilla Jimenez, Wilber Edwin"]
[Result "0-1"]
[WhiteElo "1860"]
[BlackElo "2048"]
[PlyCount "138"]
[EventDate "2019.04.26"]
[EventType "swiss"]
[EventRounds "11"]
[EventCountry "DOM"]
[SourceTitle "CBM 190 Extra"]
[Source "ChessBase"]
[SourceDate "2019.07.15"]
[SourceVersion "1"]
[SourceVersionDate "2019.07.15"]
[SourceQuality "1"]

1. d4 Nf6 2. c4 e5 3. dxe5 Ng4 4. Nf3 Nc6 5. Bf4 Bb4+ 6. Bd2 Qe7 7. Nc3 Bxc3 8. Bxc3 Ngxe5 9. Nxe5 Nxe5 10. e3 0-0 11. Qd4 d6 12. 0-0-0 f6 13. h3 Be6 14. f4 Nc6 15. Qd2 Qf7 16. b3 a5 17. e4 f5 18. g4 fxe4 19. f5 Bc8 20. Bg2 Re8 21. Rhe1 Kh8 22. Bxe4 Ne5 23. Bd5 Qf6 24. Be4 a4 25. g5 Qf7 26. g6 Qf6 27. gxh7 axb3 28. axb3 Bxf5 29. Rf1 g6 30. Bxf5 gxf5 31. Rf4 Qe6 32. Rdf1 Rf8 33. Qc2 Qh6 34. Kb1 Qxh7 35. Rxf5 Rxf5 36. Rxf5 Qxh3 37. Rxe5 dxe5 38. Bxe5+ Kg8 39. Qg6+ Kf8 40. Bg7+ Ke7 41. Qf6+ Kd7 42. Qf7+ Kd6 43. Qd5+ Ke7 44. Qg5+ Kf7 45. Bb2 Qh1+ 46. Kc2 Qe4+ 47. Kc1 Rg8 48. Qf6+ Ke8 49. Qe5+ Qxe5 50. Bxe5 Kd7 51. Kb2 Re8 52. Bd4 Kd6 53. Kc3 c5 54. Bf2 Kc6 55. b4 cxb4+ 56. Kxb4 Re4 57. Ba7 b5 58. Bf2 Rxc4+ 59. Kb3 Re4 60. Ba7 Kb7 61. Bc5 Ka6 62. Bd6 Kb6 63. Bf8 Ka5 64. Bd6 Re3+ 65. Kb2 Ka4 66. Bc5 Rf3 67. Bd6 b4 68. Be7 Rf2+ 69. Ka1 Kb3 0-1

[Event "DOM-ch"]
[Site "Santo Domingo"]
[Date "2019.04.27"]
[Round "3"]
[White "Reyes Perez, Eury Luis"]
[Black "Vasquez Sanchez, Antonio"]
[Result "0-1"]
[WhiteElo "1925"]
[BlackElo "1860"]
[PlyCount "90"]
[EventDate "2019.04.26"]
[EventType "swiss"]
[EventRounds "11"]
[EventCountry "DOM"]
[SourceTitle "CBM 190 Extra"]
[Source "ChessBase"]
[SourceDate "2019.07.15"]
[SourceVersion "1"]
[SourceVersionDate "2019.07.15"]
[SourceQuality "1"]

1. g3 e5 2. Nf3 e4 3. Nd4 c5 4. Nb3 d5 5. d3 exd3 6. cxd3 Nf6 7. Bg2 b6 8. 0-0 Bb7 9. Nc3 Be7 10. e4 d4 11. Ne2 0-0 12. Bg5 h6 13. Bc1 a5 14. Nf4 a4 15. Nd2 Nbd7 16. Nf3 Re8 17. h4 Bf8 18. h5 Ne5 19. b3 Nxf3+ 20. Bxf3 axb3 21. Qxb3 Nd7 22. Rb1 Ne5 23. Bg2 Ra6 24. Bd2 Bc6 25. Rfc1 Qa8 26. Rb2 c4 27. Rxc4 Nxc4 28. Qxc4 Bc5 29. Bf3 Ra4 30. Qc2 Ra7 31. Qb1 Ra3 32. Bd1 Ba4 33. Bg4 Re7 34. Nd5 Rb7 35. Bc1 Bc6 36. Re2 Ra4 37. Nf4 Rba7 38. a3 b5 39. Qb3 Bxa3 40. Bb2 Rb4 41. Qd1 Rxb2 42. Rxb2 Bxb2 43. Qf3 Ba1 44. Kh2 Ra2 45. Bf5 Bd7 0-1

[Event "DOM-ch"]
[Site "Santo Domingo"]
[Date "2019.04.27"]
[Round "2"]
[White "Vasquez Sanchez, Antonio"]
[Black "Reyes Capellan, Elby"]
[Result "0-1"]
[WhiteElo "1860"]
[BlackElo "2068"]
[PlyCount "86"]
[EventDate "2019.04.26"]
[EventType "swiss"]
[EventRounds "11"]
[EventCountry "DOM"]
[SourceTitle "CBM 190 Extra"]
[Source "ChessBase"]
[SourceDate "2019.07.15"]
[SourceVersion "1"]
[SourceVersionDate "2019.07.15"]
[SourceQuality "1"]

1. d4 Nf6 2. c4 e6 3. Nc3 Bb4 4. Bg5 b6 5. Rc1 0-0 6. a3 Be7 7. e4 d6 8. Nf3 h6 9. Bh4 Nbd7 10. Qc2 Bb7 11. Be2 c5 12. e5 dxe5 13. dxe5 Ng4 14. Bg3 Qb8 15. 0-0 Ngxe5 16. Nxe5 Nxe5 17. f4 Nc6 18. f5 Qd8 19. fxe6 fxe6 20. Qg6 Qd4+ 21. Kh1 Rf6 22. Qh5 Qe3 23. Bf3 g6 24. Qh3 Raf8 25. Rfe1 Rxf3 26. gxf3 Qxf3+ 27. Qg2 Nd4 28. Ne4 h5 29. Rc3 Qxg2+ 30. Kxg2 Rf5 31. Kh3 Nf3 32. Ree3 Bxe4 33. Bb8 Bc6 34. Kg3 Bh4+ 35. Kh3 Bf2 36. Bg3 Ng1+ 37. Kh4 Bxe3 38. Rxe3 Bf3 39. Bb8 Ne2 40. Rxe6 Kf7 41. Re3 Bg4 42. Rxe2 g5+ 43. Kg3 Bxe2 0-1

[Event "Santo Domingo Independencia op 8th"]
[Site "Santo Domingo"]
[Date "2019.02.22"]
[Round "5"]
[White "Vasquez Sanchez, Antonio"]
[Black "Felipe Medina, Robert"]
[Result "1-0"]
[WhiteElo "1844"]
[BlackElo "1678"]
[PlyCount "83"]
[EventDate "2019.02.15"]
[EventType "swiss"]
[EventRounds "8"]
[EventCountry "DOM"]
[SourceTitle "CBM 189 Extra"]
[Source "ChessBase"]
[SourceDate "2019.05.31"]
[SourceVersion "1"]
[SourceVersionDate "2019.05.31"]
[SourceQuality "1"]

1. d4 d5 2. c4 e5 3. dxe5 d4 4. Nf3 Nc6 5. g3 Bf5 6. Bg2 Qd7 7. 0-0 0-0-0 8. Bg5 Be7 9. Bxe7 Ngxe7 10. Nbd2 Ng6 11. a3 Ngxe5 12. b4 Nxf3+ 13. Nxf3 Bh3 14. b5 Ne7 15. Ne5 Qe6 16. Bxh3 Qxh3 17. Nxf7 Ng6 18. Nxh8 Ne5 19. f3 Nxc4 20. Rf2 Qd7 21. Qa4 Nb6 22. Qxa7 Qxb5 23. Nf7 Rf8 24. Nd6+ cxd6 25. Rc1+ Kd7 26. Qxb7+ Ke6 27. Qe4+ Qe5 28. Qxe5+ Kxe5 29. Rff1 Nd5 30. Rfd1 Nc3 31. Rd2 Rc8 32. Rdc2 Kd5 33. Kf1 Kc4 34. e3 Kd3 35. exd4 Kxd4 36. a4 Kd3 37. Rxc3+ Rxc3 38. Rxc3+ Kxc3 39. a5 d5 40. a6 d4 41. a7 d3 42. a8Q 1-0

[Event "Santo Domingo Duarte Memorial 7th"]
[Site "Santo Domingo"]
[Date "2018.01.21"]
[Round "8"]
[White "Hernandez Lora, Miguel Angel"]
[Black "Vasquez Sanchez, Antonio"]
[Result "1-0"]
[WhiteElo "1450"]
[BlackElo "1858"]
[PlyCount "85"]
[EventDate "2018.01.12"]
[EventType "swiss"]
[EventRounds "8"]
[EventCountry "DOM"]
[SourceTitle "CBM 182 Extra"]
[Source "ChessBase"]
[SourceDate "2018.02.23"]
[SourceVersion "1"]
[SourceVersionDate "2018.02.23"]
[SourceQuality "1"]

1. e4 c5 2. Nf3 e6 3. d4 cxd4 4. Nxd4 Nf6 5. Nc3 Bb4 6. Bd3 d5 7. exd5 Nxd5 8. Bd2 Bxc3 9. Bxc3 Nxc3 10. bxc3 Qc7 11. Bb5+ Bd7 12. Bxd7+ Nxd7 13. Nb5 Qe5+ 14. Qe2 Qxe2+ 15. Kxe2 Ke7 16. Rab1 b6 17. Rhd1 Rhc8 18. Rd3 a6 19. Nd4 Rc4 20. Rb4 Rac8 21. Kd2 R4c7 22. Rh3 a5 23. Rb1 h6 24. Re1 Kf8 25. Rf3 Kg8 26. Nb5 Rc5 27. Nd6 Rd5+ 28. Rd3 Rcc5 29. Ne4 Rb5 30. c4 Rxd3+ 31. cxd3 Rb2+ 32. Kc3 Rxa2 33. Kb3 Ra4 34. Kxa4 f5 35. Nd6 Nc5+ 36. Kb5 Nxd3 37. Rxe6 a4 38. Re3 Nb2 39. Ra3 Kf8 40. Kxb6 Ke7 41. c5 Kd7 42. Kb5 g5 43. Nxf5 1-0

[Event "Santo Domingo op11"]
[Site "Santo Domingo"]
[Date "2017.11.26"]
[Round "8"]
[White "Vasquez Sanchez, Antonio"]
[Black "Hernandez Terrero, Daniel Alberto"]
[Result "1-0"]
[WhiteElo "1834"]
[BlackElo "1974"]
[PlyCount "121"]
[EventDate "2017.11.17"]
[EventType "swiss"]
[EventRounds "8"]
[EventCountry "DOM"]
[SourceTitle "CBM 181 Extra"]
[Source "ChessBase"]
[SourceDate "2017.12.12"]
[SourceVersion "1"]
[SourceVersionDate "2017.12.12"]
[SourceQuality "1"]

1. e4 e5 2. Nf3 Nc6 3. Bb5 a6 4. Ba4 Nf6 5. 0-0 b5 6. Bb3 d6 7. Ng5 d5 8. exd5 Nd4 9. Re1 Bd6 10. c3 Nxb3 11. Qxb3 0-0 12. d3 Bf5 13. Ne4 Be7 14. Nxf6+ Bxf6 15. c4 Qd6 16. Nd2 Be7 17. a3 Qg6 18. Ne4 Bd7 19. Be3 bxc4 20. Qxc4 Rac8 21. f3 Kh8 22. Bc5 Bb5 23. Qc3 Bd6 24. Rac1 h5 25. Bxd6 cxd6 26. Qxc8 Rxc8 27. Rxc8+ Kh7 28. Rd8 h4 29. Rxd6 f6 30. h3 Qf7 31. Nc3 Qa7+ 32. Kh1 Bxd3 33. Ne4 Qb8 34. Rd7 Qb5 35. Rc7 f5 36. Ng5+ Kg6 37. Nf7 Qxd5 38. Nxe5+ Kh6 39. Rd7 Qb5 40. Rxd3 Qxb2 41. Nd7 Kg5 42. Red1 Kf4 43. Kh2 Qf2 44. Rd4+ Kg5 45. f4+ Kh5 46. a4 a5 47. R1d3 g5 48. fxg5 Kxg5 49. Nf8 Qc2 50. Ne6+ Kf6 51. Nf4 Kg5 52. Nd5 Qc6 53. Ne3 Qc7+ 54. Kh1 Qc1+ 55. Nd1 Qc2 56. Rd2 Qc6 57. Rf2 Qc1 58. Rf1 Qc7 59. Rdf4 Qxf4 60. Rxf4 Kxf4 61. Nb2 1-0

[Event "Santo Domingo op11"]
[Site "Santo Domingo"]
[Date "2017.11.18"]
[Round "3"]
[White "Lugo Matos, Richards Reynier"]
[Black "Vasquez Sanchez, Antonio"]
[Result "1-0"]
[WhiteElo "2090"]
[BlackElo "1834"]
[PlyCount "113"]
[EventDate "2017.11.17"]
[EventType "swiss"]
[EventRounds "8"]
[EventCountry "DOM"]
[SourceTitle "CBM 181 Extra"]
[Source "ChessBase"]
[SourceDate "2017.12.12"]
[SourceVersion "1"]
[SourceVersionDate "2017.12.12"]
[SourceQuality "1"]

1. e4 c5 2. Nf3 e6 3. c3 d5 4. e5 Nc6 5. d4 Nge7 6. Bd3 Ng6 7. Be3 Qb6 8. b3 cxd4 9. cxd4 Bb4+ 10. Nbd2 Bc3 11. Rc1 Bb2 12. Rb1 Nb4 13. Bxg6 fxg6 14. 0-0 Ba3 15. Ng5 h6 16. Nh3 Bd7 17. Nf4 0-0-0 18. Nxg6 Rhe8 19. Nf3 Bb5 20. Bd2 Bxf1 21. Bxb4 Qxb4 22. Qxf1 Kb8 23. h4 Rc8 24. Nf4 Rc2 25. Qd3 Qc3 26. Qg6 Rc1+ 27. Kh2 Qc6 28. Rxc1 Bxc1 29. Nd3 Re7 30. Qg4 Ba3 31. Nf4 Qe8 32. Nd3 a5 33. Nfe1 Qc6 34. Nf4 Bb4 35. Ned3 Bd2 36. Ng6 Rf7 37. f3 Qe8 38. Nc5 Rf5 39. h5 Qf7 40. Qh4 Bg5 41. Qh3 b6 42. Nd3 Qd7 43. f4 Be7 44. Nf2 Bb4 45. Nd1 Qc6 46. Ne3 Rf7 47. f5 exf5 48. Nxf5 Qe6 49. Ne3 Qxh3+ 50. Kxh3 Rf2 51. Nxd5 Kb7 52. e6 Re2 53. Nxb4 axb4 54. e7 Re6 55. Kg4 Kc6 56. d5+ Kxd5 57. Nf4+ 1-0

[Event "DOM-chT"]
[Site "Santiago de los Caballeros"]
[Date "2017.08.17"]
[Round "1.2"]
[White "Salomon Cortorreal, Jose Charjil"]
[Black "Vasquez Sanchez, Antonio"]
[Result "1-0"]
[WhiteElo "1915"]
[BlackElo "1841"]
[PlyCount "87"]
[EventDate "2017.08.17"]
[EventType "team-swiss"]
[EventRounds "6"]
[EventCountry "DOM"]
[SourceTitle "EXT 2019"]
[Source "ChessBase"]
[SourceDate "2018.10.10"]
[SourceVersion "1"]
[SourceVersionDate "2018.10.10"]
[SourceQuality "1"]
[WhiteTeam "Duarte"]
[BlackTeam "Bahoruco"]
[WhiteTeamCountry "DOM"]
[BlackTeamCountry "DOM"]

1. c4 e6 2. Nf3 Nf6 3. g3 d5 4. Bg2 c5 5. 0-0 b6 6. Nc3 Be7 7. d3 0-0 8. Bg5 h6 9. Bxf6 Bxf6 10. Nd2 Bxc3 11. bxc3 Bb7 12. cxd5 Bxd5 13. e4 Bc6 14. Nc4 Nd7 15. Qc2 Qc7 16. Rfd1 Rfd8 17. Rac1 Rac8 18. Ne3 Nf6 19. d4 Qb7 20. f3 cxd4 21. Rxd4 Bb5 22. Qb2 Qc6 23. Rcd1 Rxd4 24. cxd4 Ba4 25. Rd2 Qc3 26. Qxc3 Rxc3 27. Kf2 Bb5 28. Bf1 Bxf1 29. Nxf1 b5 30. Ne3 Kf8 31. Ke2 Ke7 32. d5 exd5 33. e5 Ke6 34. exf6 gxf6 35. Nxd5 Ra3 36. Nc7+ Kf5 37. Nxb5 Ra5 38. Rd5+ Kg6 39. Nc3 Ra3 40. Rc5 f5 41. Ke3 f6 42. Kf4 h5 43. h4 Ra6 44. g4 1-0

[Event "Santo Domingo U2000 op"]
[Site "Santo Domingo"]
[Date "2017.06.04"]
[Round "4"]
[White "Pacheco Marte, Sergio Andres"]
[Black "Vasquez Sanchez, Antonio"]
[Result "1/2-1/2"]
[WhiteElo "1627"]
[BlackElo "1834"]
[PlyCount "89"]
[EventDate "2017.06.02"]
[EventType "swiss"]
[EventRounds "8"]
[EventCountry "DOM"]
[SourceTitle "CBM 178 Extra"]
[Source "ChessBase"]
[SourceDate "2017.06.22"]
[SourceVersion "1"]
[SourceVersionDate "2017.06.22"]
[SourceQuality "1"]

1. e4 c5 2. Nf3 Nc6 3. d3 d6 4. g3 Nf6 5. Bg2 g6 6. 0-0 Bg7 7. h3 0-0 8. c3 Bd7 9. Nbd2 b5 10. Re1 e5 11. a4 a6 12. Nf1 Qb6 13. Ne3 Be6 14. Ng5 Bd7 15. Nf3 h6 16. Nh2 Kh7 17. Nhg4 Nxg4 18. Nxg4 Be6 19. Qf3 Bxg4 20. Qxg4 Qc7 21. f4 b4 22. f5 bxc3 23. bxc3 Rfb8 24. Qh4 Qd8 25. f6 Qxf6 26. Qxf6 Bxf6 27. Rf1 Bg7 28. Rxf7 Ra7 29. Rxa7 Nxa7 30. Kf2 Rb3 31. Ra3 Rb1 32. Be3 Rb2+ 33. Kf3 Nc6 34. h4 Bf6 35. Bh3 a5 36. Be6 Rb8 37. Rb3 Rxb3 38. Bxb3 Kg7 39. Bd5 Ne7 40. c4 Nc8 41. Bd2 Bd8 42. Kg4 Ne7 43. h5 g5 44. Be1 Kf6 45. Bd2 1/2-1/2

[Event "Santo Domingo U2000 op"]
[Site "Santo Domingo"]
[Date "2017.06.03"]
[Round "2"]
[White "Vasquez Sanchez, Antonio"]
[Black "Batlle Ysa, Rafael Jorge"]
[Result "1/2-1/2"]
[WhiteElo "1834"]
[BlackElo "1904"]
[PlyCount "57"]
[EventDate "2017.06.02"]
[EventType "swiss"]
[EventRounds "8"]
[EventCountry "DOM"]
[SourceTitle "CBM 178 Extra"]
[Source "ChessBase"]
[SourceDate "2017.06.22"]
[SourceVersion "1"]
[SourceVersionDate "2017.06.22"]
[SourceQuality "1"]

1. d4 d5 2. c4 c6 3. Nc3 Nf6 4. Nf3 a6 5. Bf4 e6 6. e3 Bd6 7. Bxd6 Qxd6 8. Bd3 Nbd7 9. 0-0 0-0 10. Qc2 e5 11. dxe5 Nxe5 12. Nxe5 Qxe5 13. cxd5 cxd5 14. Ne2 Be6 15. Rac1 Rfc8 16. Qb3 b5 17. Nd4 Bd7 18. Nf3 Qd6 19. Rfd1 Qe7 20. Rxc8+ Rxc8 21. Be2 g6 22. h3 Bf5 23. Nd4 Bd7 24. Bf3 Qc5 25. Qd3 Qb4 26. Qe2 Qe7 27. a3 Ne4 28. Qd3 Nf6 29. Ne2 1/2-1/2

[Event "DOM-ch"]
[Site "Santo Domingo"]
[Date "2017.05.07"]
[Round "11"]
[White "Soto Lora, Jose Santiago"]
[Black "Vasquez Sanchez, Antonio"]
[Result "1/2-1/2"]
[WhiteElo "2024"]
[BlackElo "1849"]
[PlyCount "21"]
[EventDate "2017.04.21"]
[EventType "swiss"]
[EventRounds "11"]
[EventCountry "DOM"]
[SourceTitle "EXT 2018"]
[Source "ChessBase"]
[SourceDate "2017.10.13"]
[SourceVersion "1"]
[SourceVersionDate "2017.10.13"]
[SourceQuality "1"]

1. e4 c5 2. Nf3 d6 3. d4 cxd4 4. Nxd4 Nf6 5. Nc3 a6 6. Bc4 Qc7 7. Bb3 g6 8. Be3 Bg7 9. Qe2 Nbd7 10. 0-0-0 Nc5 11. Kb1 1/2-1/2

[Event "DOM-ch"]
[Site "Santo Domingo"]
[Date "2017.04.30"]
[Round "8"]
[White "Diaz Vicente, Huascar Jael"]
[Black "Vasquez Sanchez, Antonio"]
[Result "1/2-1/2"]
[WhiteElo "1830"]
[BlackElo "1849"]
[PlyCount "102"]
[EventDate "2017.04.21"]
[EventType "swiss"]
[EventRounds "11"]
[EventCountry "DOM"]
[SourceTitle "CBM 178 Extra"]
[Source "ChessBase"]
[SourceDate "2017.06.22"]
[SourceVersion "1"]
[SourceVersionDate "2017.06.22"]
[SourceQuality "1"]

1. c4 Nf6 2. g3 c5 3. Bg2 Nc6 4. Nc3 g6 5. Rb1 Bg7 6. a3 a5 7. b3 0-0 8. Bb2 b6 9. Nf3 Bb7 10. 0-0 e5 11. d3 Re8 12. Nd2 Rb8 13. Nb5 d6 14. e3 Ne7 15. e4 Bc8 16. h3 Be6 17. Nf3 h6 18. Ne1 Qd7 19. Kh2 Kh7 20. Nc2 g5 21. b4 axb4 22. axb4 Ng6 23. bxc5 bxc5 24. Ne3 Ra8 25. Nd5 Bxd5 26. exd5 Ra2 27. Qb3 Rea8 28. Na3 Rxb2 29. Rxb2 Qf5 30. Nc2 g4 31. Ne3 Qh5 32. Qd1 gxh3 33. Qxh5 Nxh5 34. Bxh3 e4 35. Rb3 exd3 36. Rxd3 Ne5 37. Rb3 Nf3+ 38. Kg2 Nd2 39. Rb7 Nxf1 40. Kxf1 Ra1+ 41. Kg2 Kg6 42. Bf5+ Kf6 43. f4 Ra3 44. Bg4 Nxf4+ 45. gxf4 Rxe3 46. Bh5 Re7 47. Rxe7 Kxe7 48. Kf3 Bb2 49. Bg4 Kf6 50. Bh3 Kg6 51. Kg4 Bf6 1/2-1/2

[Event "DOM-ch"]
[Site "Santo Domingo"]
[Date "2017.04.29"]
[Round "6"]
[White "Pacheco Marte, Sergio Andres"]
[Black "Vasquez Sanchez, Antonio"]
[Result "1/2-1/2"]
[WhiteElo "1605"]
[BlackElo "1849"]
[PlyCount "79"]
[EventDate "2017.04.21"]
[EventType "swiss"]
[EventRounds "11"]
[EventCountry "DOM"]
[SourceTitle "CBM 178 Extra"]
[Source "ChessBase"]
[SourceDate "2017.06.22"]
[SourceVersion "1"]
[SourceVersionDate "2017.06.22"]
[SourceQuality "1"]

1. e4 c5 2. Nf3 d6 3. g3 Nf6 4. d3 g6 5. Bg2 Nc6 6. 0-0 Bg7 7. Re1 0-0 8. Nbd2 Bg4 9. h3 Bd7 10. Nc4 Rc8 11. a4 Ne8 12. Bd2 Be6 13. Qc1 b6 14. Bh6 a6 15. Bxg7 Kxg7 16. Ne3 h6 17. Kh2 Nf6 18. Nd2 Nd4 19. c3 Nb3 20. Nxb3 Bxb3 21. c4 Qd7 22. Qc3 Bxa4 23. b3 Bc6 24. Rxa6 Qb7 25. Rea1 Ra8 26. Rxa8 Rxa8 27. Rxa8 Qxa8 28. e5 dxe5 29. Bxc6 Qxc6 30. Qxe5 Qe6 31. Qxe6 fxe6 32. Kg2 Nd7 33. Kf3 Ne5+ 34. Ke4 Nc6 35. Nf1 Kf6 36. h4 h5 37. Nd2 e5 38. Nf3 e6 39. Nd2 Nd4 40. Nf3 1/2-1/2

[Event "DOM-ch"]
[Site "Santo Domingo"]
[Date "2017.04.23"]
[Round "4"]
[White "Rymer Paulino, Domini Wilfredo"]
[Black "Vasquez Sanchez, Antonio"]
[Result "1-0"]
[WhiteElo "1955"]
[BlackElo "1849"]
[PlyCount "57"]
[EventDate "2017.04.21"]
[EventType "swiss"]
[EventRounds "11"]
[EventCountry "DOM"]
[SourceTitle "CBM 178 Extra"]
[Source "ChessBase"]
[SourceDate "2017.06.22"]
[SourceVersion "1"]
[SourceVersionDate "2017.06.22"]
[SourceQuality "1"]

1. e4 e5 2. Nf3 Nc6 3. Bc4 Be7 4. d4 exd4 5. c3 dxc3 6. Qd5 Nh6 7. Bxh6 0-0 8. Bc1 cxb2 9. Bxb2 Bb4+ 10. Nbd2 d6 11. Qh5 Bxd2+ 12. Nxd2 Ne5 13. Bxe5 dxe5 14. Qxe5 Be6 15. Bxe6 fxe6 16. Qxe6+ Kh8 17. Rd1 Rxf2 18. Kxf2 Qd4+ 19. Kg3 Rf8 20. Nf3 Qe3 21. Qe5 h6 22. Rhe1 Qa3 23. Rd7 Rf6 24. h4 Rg6+ 25. Kh2 Qxa2 26. Rg1 Qf2 27. Rd8+ Kh7 28. Qf5 Qg3+ 29. Kh1 1-0

[Event "DOM-ch"]
[Site "Santo Domingo"]
[Date "2016.04.17"]
[Round "11"]
[White "De Los Santos Nunez, Eddy"]
[Black "Vasquez Sanchez, Antonio"]
[Result "1-0"]
[WhiteElo "2168"]
[BlackElo "1835"]
[PlyCount "69"]
[EventDate "2016.04.01"]
[EventType "swiss"]
[EventRounds "11"]
[EventCountry "DOM"]
[SourceTitle "CBM 171 Extra"]
[Source "ChessBase"]
[SourceDate "2016.04.26"]
[SourceVersion "1"]
[SourceVersionDate "2016.04.26"]
[SourceQuality "1"]

1. e4 e5 2. Nf3 Nc6 3. Bb5 a6 4. Ba4 Nf6 5. 0-0 Be7 6. Re1 b5 7. Bb3 0-0 8. a4 b4 9. h3 d6 10. c3 bxc3 11. bxc3 Na5 12. Bc2 c5 13. d4 Nc6 14. Na3 Rb8 15. Nc4 cxd4 16. cxd4 exd4 17. Nxd4 Nxd4 18. Qxd4 Be6 19. Ba3 Bxc4 20. Qxc4 Rc8 21. Qd3 Qc7 22. Rac1 Qc3 23. e5 Qxd3 24. Bxd3 Nd5 25. exd6 Bf6 26. d7 Rxc1 27. Rxc1 Rd8 28. Rc8 Nb6 29. Bxa6 Nxd7 30. a5 Nb8 31. Bb7 Rxc8 32. Bxc8 Bd4 33. Bb7 g6 34. a6 Kg7 35. Bb2 1-0

[Event "DOM-ch"]
[Site "Santo Domingo"]
[Date "2016.04.09"]
[Round "7"]
[White "Diaz Garcia, Roberto"]
[Black "Vasquez Sanchez, Antonio"]
[Result "1-0"]
[WhiteElo "2048"]
[BlackElo "1835"]
[PlyCount "69"]
[EventDate "2016.04.01"]
[EventType "swiss"]
[EventRounds "11"]
[EventCountry "DOM"]
[SourceTitle "CBM 171 Extra"]
[Source "ChessBase"]
[SourceDate "2016.04.26"]
[SourceVersion "1"]
[SourceVersionDate "2016.04.26"]
[SourceQuality "1"]

1. e4 c5 2. Nc3 d6 3. f4 Nc6 4. Nf3 Bg4 5. Bb5 a6 6. Bxc6+ bxc6 7. d3 g6 8. 0-0 Bg7 9. Qe1 Bxf3 10. Rxf3 e6 11. f5 e5 12. Qg3 Nf6 13. Bg5 h6 14. Bxf6 Qxf6 15. fxg6 Qxg6 16. Qf2 Ra7 17. Rf1 Rb7 18. b3 h5 19. Rg3 Qh7 20. Nd1 Bh6 21. Ne3 Bf4 22. Rh3 Re7 23. Nf5 Re6 24. Rxh5 Qg8 25. Rxh8 Qxh8 26. g3 Bg5 27. h4 Bd8 28. Nxd6+ Kd7 29. Nxf7 Qe8 30. Nxd8 Qxd8 31. Qf8 Re8 32. Qxc5 Re7 33. Rf6 Re6 34. Rf7+ Re7 35. Qxe7+ 1-0

[Event "DOM-ch"]
[Site "Santo Domingo"]
[Date "2016.04.09"]
[Round "6"]
[White "Vasquez Sanchez, Antonio"]
[Black "Mendez, Ruddy Antonio"]
[Result "1-0"]
[WhiteElo "1835"]
[BlackElo "2050"]
[PlyCount "123"]
[EventDate "2016.04.01"]
[EventType "swiss"]
[EventRounds "11"]
[EventCountry "DOM"]
[SourceTitle "CBM 171 Extra"]
[Source "ChessBase"]
[SourceDate "2016.04.26"]
[SourceVersion "1"]
[SourceVersionDate "2016.04.26"]
[SourceQuality "1"]

1. d4 Nf6 2. c4 e6 3. Nc3 Bb4 4. a3 Bxc3+ 5. bxc3 c5 6. e3 Nc6 7. Nf3 0-0 8. Bd3 b6 9. 0-0 Ba6 10. e4 d6 11. e5 Ne8 12. Bxh7+ Kxh7 13. Ng5+ Kg6 14. Qd3+ f5 15. Nxe6 Qe7 16. Nxf8+ Qxf8 17. f4 Na5 18. Rf3 Bxc4 19. Rg3+ Kh7 20. Rh3+ Kg8 21. Qg3 Bd5 22. Qg6 Qf7 23. Qh7+ Kf8 24. Bd2 Rc8 25. Re1 cxd4 26. exd6 Be4 27. Qh8+ Qg8 28. d7 Rd8 29. dxe8Q+ Rxe8 30. cxd4 Kf7 31. Qh5+ g6 32. Qh7+ Kf6 33. Qh4+ Kf7 34. Bxa5 bxa5 35. Rc1 Ke6 36. Qg5 Qg7 37. Kh1 Re7 38. Rh6 Kf7 39. h4 Rd7 40. h5 gxh5 41. Qxh5+ Kf8 42. Rc8+ Ke7 43. Rh7 Bxg2+ 44. Kh2 Kf6 45. Rxg7 Rxg7 46. Rf8+ Ke7 47. Qe8+ Kd6 48. Qe5+ Kc6 49. Qxg7 a4 50. Qxg2+ Kb5 51. Rb8+ Kc4 52. Rb4+ Kd3 53. Qf3+ Kc2 54. Qe2+ Kc3 55. Qc4+ Kd2 56. d5 a5 57. Rb2+ Ke3 58. Re2+ Kf3 59. Qd3+ Kg4 60. Qd4 Kf3 61. Rf2+ Kg4 62. Qe3 1-0